| 000 | 00540nam a2200205Ia 4500 | ||
|---|---|---|---|
| 003 | OSt | ||
| 005 | 20230328114438.0 | ||
| 008 | 210423s2009 xx 000 0 und d | ||
| 020 | _a108130910805 | ||
| 040 | _cAL | ||
| 041 | _aeng | ||
| 082 |
_a658.404 _223 _b LEAM |
||
| 100 |
_aLearning Media _978839 |
||
| 245 | _aBusiness essentials research project. | ||
| 260 |
_aNew Delhi _bViva Books Pvt Ltd _c2009 |
||
| 300 |
_aviii,307 _bHB |
||
| 365 |
_b295 _cINR |
||
| 906 | _aBusiness ; essentials ; project. ; research | ||
| 942 |
_2ddc _cBK |
||
| 999 |
_c154308 _d154308 |
||